000 01141nam a2200301 a 4500
001 000023996
005 20200930022629.0
008 110118s2002 sp a 000 0 spa d
020 _a8449312647
040 _aDO-SdBNP
_bspa
_cBNPHHU
041 1 7 _aspa
_heng
_2Código de idioma MARC
082 _aNNN
_bW699v, 2002
100 1 _aWillems, Edgar
_949333
240 1 0 _aLa valeur humaine de l'education musicale.
_lEspañol.
245 1 0 _aEl valor humano de la educación musical /
_cWillems Edgar ; traducción de María Teresa Brutocao y Nicolás Luis Fabiani ; traduccion del prefacio Elisabet Cabeza, Jaques Chapuis.
250 _a3a ed
260 _aBarcelona, (España) :
_bPaidós,
_c2002.
300 _a230 p. :
_bil. ;
_c22 cm.
490 1 _aPaidós educador
_v166
504 _aIncluye bibliografía (p. [221]-225)
534 _aTítulo original:
_tLa valeur humaine de l'education musicale.
700 1 _aBrutocao, María Teresa
_etr.
_949334
700 1 _aFabiani, Nicolás Luis
_949335
700 1 _aCabeza, Elizabet
_949336
700 1 _aChapuis, Jaques
_949337
830 0 _aPaidós educador
_v166
_910999
049 _aBNGR
999 _c23491
_d23491